000 00498nam 22001693 4500
001 201739
090 _a201739
100 _a20260413d u||y0pory50 ba
200 _aSaias
_epeça em três actos
_fAlfredo Cortez
210 _aLisboa
_cVasco Rodrigues
_d1938
215 _a148 p.
_cbrochado
_d18 cm
606 _924
_aLiteratura Portuguesa
_xTeatro
675 _a821.134.3-2
_vPT
_zpor
700 _97121
_aCortez
_bAlfredo
_f1880-1946
801 _aPT
_bBMMN
_gRPC
830 _cAna Falardo
_fAna Falardo
990 _cLIVROS